000 00575nam a2200205Ia 4500
005 20260415160334.0
008 008 250505s9999 xx 000 0 eng d
037 _aTextual
040 _aFEDL
_beng
_cFEDL
041 _aeng
_2eng
084 _a330.954 5 DAR
_qFEDL
100 _aDarling Malcolm
245 0 _aPunjab peasant in prosperity and debt
250 _a4
260 _aLondon, UK
_bOxford University Press
_c1947
300 _axxxii,277p
650 _aEconomics
942 _cTEXL
_h330.954 5 DAR
999 _c1321837
_d1321837